| 000 | 01081nam a22002177a 4500 | ||
|---|---|---|---|
| 003 | OSt | ||
| 005 | 20180705101207.0 | ||
| 008 | 150408b xxu||||| |||| 00| 0 eng d | ||
| 040 | _cBMC | ||
| 082 | _a613.62 | ||
| 100 | 1 |
_934783 _aMeléndez Pérez, Rafael Antonio |
|
| 245 | 1 | 0 |
_aPrograma de higiene y seguridad industrial para disminuir riesgos y enfermedades ocupacionales que puedan repercutir en la eficiencia y eficacia de las actividades laborales en la empresa DILAC, S.A. de C.V. _b: Proyecto _cRafael Antonio Meléndez Pérez, Ruth Selena Rivas Jaime |
| 260 |
_aSanta Ana, (San Salvador) _bUniversidad Católica de El Salvador _c2009 |
||
| 300 |
_a215 h. _bil. col. _c28 cm _e+ 1 disco compacto |
||
| 500 | _aPrecede al tít.: Universidad Católica de El Salvador, Facultad de Ingeniería y Arquitectura | ||
| 502 | _aPara optar al título de: Ingeniero Industrial | ||
| 650 | 2 | 4 |
_94331 _aSeguridad industrial |
| 700 | 1 |
_934784 _aRivas Jaime, Ruth Selena |
|
| 710 | 2 |
_91166 _aUniversidad Católica de El Salvador _bFacultad de Ingeniería y Arquitectura |
|
| 942 |
_2ddc _cTG |
||
| 999 |
_c21241 _d21241 |
||